Normal view
MARC view
Entry Personal Name
001 - CONTROL NUMBER
- control field: 562048
003 - CONTROL NUMBER IDENTIFIER
- control field: OSt
005 - DATE AND TIME OF LATEST TRANSACTION
- control field: 20220930193204.0
008 - FIXED-LENGTH DATA ELEMENTS
- fixed length control field: 220930|| aca||aabn | a|a d
040 ## - CATALOGING SOURCE
- Original cataloging agency: OSt
- Transcribing agency: OSt
100 ## - HEADING--PERSONAL NAME
- Personal name: Mohammed Mujeeb
670 ## - SOURCE DATA FOUND
- Source citation: Work cat.: (OSt)896179: Mohammed Mujeeb, Muslims and family planning ( with special reference to Educated Muslim youths in Delhi), 1972
